Living with grief when illness is prolonged / (Record no. 569)
[ view plain ]
| 000 -LEADER | |
|---|---|
| fixed length control field | 02477cam a2200385 a 4500 |
| 001 - CONTROL NUMBER | |
| control field | 36351175 |
| 003 - CONTROL NUMBER IDENTIFIER | |
| control field | OCoLC |
| 005 - DATE AND TIME OF LATEST TRANSACTION | |
| control field | 20180820163236.0 |
| 008 - FIXED-LENGTH DATA ELEMENTS--GENERAL INFORMATION | |
| fixed length control field | 970203s1997 dcu b 000 0 eng |
| 010 ## - LIBRARY OF CONGRESS CONTROL NUMBER | |
| LC control number | 97006211 |
| 020 ## - INTERNATIONAL STANDARD BOOK NUMBER | |
| International Standard Book Number | 1560327030 (case : alk. paper) |
| 020 ## - INTERNATIONAL STANDARD BOOK NUMBER | |
| International Standard Book Number | 9781560327035 (case : alk. paper) |
| 035 ## - SYSTEM CONTROL NUMBER | |
| System control number | (OCoLC)36351175 |
| 040 ## - CATALOGING SOURCE | |
| Original cataloging agency | DLC |
| Transcribing agency | DLC |
| Modifying agency | VET |
| -- | C#P |
| -- | NLM |
| -- | BAKER |
| -- | BTCTA |
| -- | YDXCP |
| -- | ZQM |
| 050 00 - LIBRARY OF CONGRESS CALL NUMBER | |
| Classification number | R726.8 |
| Item number | .L586 1997 |
| 060 00 - NATIONAL LIBRARY OF MEDICINE CALL NUMBER | |
| Classification number | 1997 F-360 |
| 060 10 - NATIONAL LIBRARY OF MEDICINE CALL NUMBER | |
| Classification number | WB 310 |
| Item number | L785 1997 |
| 082 00 - DEWEY DECIMAL CLASSIFICATION NUMBER | |
| Classification number | 155.937 |
| Edition number | 21 |
| Item number | D658L |
| 090 ## - LOCALLY ASSIGNED LC-TYPE CALL NUMBER (OCLC); LOCAL CALL NUMBER (RLIN) | |
| Classification number (OCLC) (R) ; Classification number, CALL (RLIN) (NR) | BF575.G7 |
| Local cutter number (OCLC) ; Book number/undivided call number, CALL (RLIN) | .L592 1997 |
| 245 00 - TITLE STATEMENT | |
| Title | Living with grief when illness is prolonged / |
| Statement of responsibility, etc. | edited by Kenneth J. Doka, with Joyce Davidson |
| 260 ## - PUBLICATION, DISTRIBUTION, ETC. | |
| Place of publication, distribution, etc. | Washington, D.C. : |
| Name of publisher, distributor, etc. | Hospice Foundation of America ; |
| Place of publication, distribution, etc. | Bristol, PA : |
| Name of publisher, distributor, etc. | Taylor & Francis, |
| Date of publication, distribution, etc. | c1997 |
| 300 ## - PHYSICAL DESCRIPTION | |
| Extent | xii, 220 p. ; |
| Dimensions | 23 cm |
| 504 ## - BIBLIOGRAPHY, ETC. NOTE | |
| Bibliography, etc. note | Includes bibliographical references (p. 207-216) |
| 505 0# - FORMATTED CONTENTS NOTE | |
| Formatted contents note | When illness is prolonged: implications for grief / Kenneth J. Doka -- Fading away during terminal illness: implications for bereavement in family members / Betty Davies -- Living and learning the reality of a loved one's dying: traumatic stress and cognitive processing in anticipatory grief / Therese A. Rando -- Hard decisions in hard times: making ethical choices during prolonged illness / David M. Price -- Hospice care and its effect on the grieving process / William Lamers, Jr. -- The story of Miss Mildred: her living and dying / Annette Dula -- Death from the cancers / Stephen P. Hersh -- Modulated mourning: the grief and mourning of those infected and affected by HIV/AIDS / Inge B. Corless -- Systemic understandings of loss and grief related to Alzheimer's disease / Carol Williams and Brenda Moretta |
| 505 0# - FORMATTED CONTENTS NOTE | |
| Formatted contents note | Coping with long-term illness and death in an adult: the impact on grieving children and adolescents / Charles A. Corr -- A decalogue: ten commandments for the concerned caregiver / Earl A. Grollman -- Meaning reconstruction and the experience of chronic loss / Robert A. Niemeyer -- Healing rituals: pathways to wholeness during prolonged illness and following death / Alice Parsons Zulli and O. Duane Weeks |
| 650 #0 - SUBJECT ADDED ENTRY--TOPICAL TERM | |
| Topical term or geographic name entry element | Terminal care |
| General subdivision | Psychological aspects |
| 650 #0 - SUBJECT ADDED ENTRY--TOPICAL TERM | |
| Topical term or geographic name entry element | Terminally ill |
| General subdivision | Family relationships |
| 650 #0 - SUBJECT ADDED ENTRY--TOPICAL TERM | |
| Topical term or geographic name entry element | Bereavement |
| General subdivision | Psychological aspects |
| 650 12 - SUBJECT ADDED ENTRY--TOPICAL TERM | |
| Topical term or geographic name entry element | Terminal Care |
| General subdivision | psychology |
| 650 22 - SUBJECT ADDED ENTRY--TOPICAL TERM | |
| Topical term or geographic name entry element | Bereavement |
| 650 22 - SUBJECT ADDED ENTRY--TOPICAL TERM | |
| Topical term or geographic name entry element | Family |
| 700 1# - ADDED ENTRY--PERSONAL NAME | |
| Personal name | Doka, Kenneth J |
| 700 1# - ADDED ENTRY--PERSONAL NAME | |
| Personal name | Davidson, Joyce |
| 942 ## - ADDED ENTRY ELEMENTS (KOHA) | |
| Source of classification or shelving scheme | Dewey Decimal Classification |
| Koha item type | Books |
| Withdrawn status | Lost status | Source of classification or shelving scheme | Damaged status | Not for loan | Collection code | Home library | Current library | Shelving location | Date acquired | Cost, normal purchase price | Total Checkouts | Full call number | Barcode | Date last seen | Price effective from | Koha item type |
|---|---|---|---|---|---|---|---|---|---|---|---|---|---|---|---|---|
| Dewey Decimal Classification | Non-fiction | Harvest Mission College | Harvest Mission College | General Stacks | 20.08.2018 | 1200.00 | 155.937 D658L | 001672 | 20.08.2018 | 20.08.2018 | Books |
